Open Data Biblioteca Nacional de Portugal


República Portuguesa: Ministério da Cultura
Biblioteca Nacional de Portugal

Catálogo da BNP: acesso por Identificadores Unívocos
Registos Bibliográficos associados ao registo de autoridade

Etiqueta de registo: 00254nam 2200025 450
001 2223495
003 http://id.bnportugal.gov.pt/bib/catbnp/2223495
100 ## $a20250818d1967 m y0pory01030103ba
101 0# $afre
102 ## $aFR
106 ## $ar
200 1# $aAfrique noire$e la création plastique
210 #9 $a[Paris]$cGalimard,$dcop. 1967
215 ## $aX, 447, [7] p.
225 2# $a L' univers des formes$v11
317 ## $aBiblioteca de Elísio Romariz Santos Silva$5PTBN:
700 #1 $aLeiris,$bMichel,$f1901-1990$366013
701 #1 $aDelange,$bJacqueline,$f1924-1991$4070$31963784
801 #0 $aPT$bBN$gRPC
966 ## $lBN$mFGMON$pBiblioteca de Arte Africana de Elísio Romariz Santos Silva$x3

Etiqueta de registo: 00630nam 02200205 04500
001 99876
003 http://id.bnportugal.gov.pt/bib/catbnp/99876
100 ## $a20250825d1967 m y0pora0103 ba
101 0# $afre
102 ## $aFR
106 ## $ar
200 1# $aArts et peuples de l'Afrique noire$eintroduction à l'analyse des créations plastiques$fpref. Michel Leiris
210 #9 $aParis$cGallimard,$dcop. 1967
215 ## $a272, [13] p.
225 2# $aBibliothèque des Sciences Humaines
317 ## $aBiblioteca Elísio Romariz Santos Silva$5PTBN:
700 #1 $aDelange,$bJacqueline,$f1924-1991$31963784
702 #1 $aLeiris,$bMichel,$f1901-1990$4080$366013
801 #0 $aPT$bBN$gRPC
966 ## $lBN$mFGMON$pBiblioteca Elísio Romariz Santos Silva$x3
971 ## $cjbeatriz$d20250825

OpendataBNP@bnportugal.pt | Mais informação sobre acesso aos dados BNP